000
00236 a2200097 4500
001
40123
100
_a
Howe Robin
245
_a
Ilmi English Surple Grammar & composition
260
_a
Lahore
_b
Ilmi Kitab Khana
_c
090
_c
25026
_d
25026
942
_a
NUST-CAE
_c
_c
16699
999
_c
275196
_d
275196